00400nam a2200145Ia 4500003000400000005001700004008004100021020001800062040000900080082002100089100002100110245006600131260004800197300000900245OSt20200610105836.0190216s9999||||xx |||||||||||||| ||und|| a9780195643145 coclc a297.30954bTAS/M aTassy, Garcin De 0aMuslim Festivals In India and Other Essays /cGarcin De Tassy bOxford University Press,c2006.aNew Delhi: a197p